书目信息 |
| 题名: |
练兵实纪
|
|
| 作者: | 戚继光 , 郭超 撰 | |
| 分册: | 第十卷 | |
| 出版信息: | 北京 蓝天出版社 1998 |
|
| 页数: | 207页 | |
| 开本: | 19cm | |
| 丛书名: | 传世名著百部 | |
| 单 册: | ||
| 中图分类: | E892.48 , Z227 | |
| 科图分类: | ||
| 主题词: | 兵法--中国--明代 , 百科全书--中国 | |
| 电子资源: | ||
| ISBN: | 7-80081-834-9 | |
| 000 | 00737oam2 2200265 450 | |
| 001 | 1557029484 | |
| 005 | 20151110162756.10 | |
| 010 | @a7-80081-834-9@dCNY15.60 | |
| 100 | @a20021005d1998 emky0chiy0110 ea | |
| 101 | 0 | @achi |
| 102 | @aCN@b110000 | |
| 105 | @ay z 000yy | |
| 200 | 1 | @a练兵实纪@9lian bing shi ji@h第十卷@f郭超@Fguo chao |
| 210 | @a北京@c蓝天出版社@d1998 | |
| 215 | @a207页@d19cm | |
| 225 | 2 | @a传世名著百部@v10@i兵法名著 |
| 461 | 0 | @12001 @a传世名著百部 |
| 606 | 0 | @a兵法@y中国@z明代 |
| 606 | 0 | @a百科全书@x中国 |
| 690 | @aE892.48@v5 | |
| 690 | @aZ227@v4 | |
| 701 | 0 | @c(明)@a戚继光@9qi ji guang@f(1528~1588)@4撰 |
| 701 | 0 | @a郭超@Aguo chao |
| 801 | 0 | @aCN@bTSSF@c20150117 |
| 905 | @aZUCC@dZ227@eJY6:10 | |
| 练兵实纪.第十卷/郭超.-北京:蓝天出版社,1998 |
| 207页;19cm.-(传世名著百部;10.兵法名著) |
| ISBN 7-80081-834-9:CNY15.60 |
| ● |
| 相关链接 |
|
|
|
|
正题名:练兵实纪
索取号:Z227/JY6:10
 
预约/预借
| 序号 | 登录号 | 条形码 | 馆藏地/架位号 | 状态 | 备注 |
| 1 | 7852920 | 278529200 | 学院路分馆/ [索取号:Z227/JY6:10] | 在馆 | |
| 2 | 7852921 | 278529219 | 学院路分馆/ [索取号:Z227/JY6:10] | 在馆 | |
| 3 | 7852922 | 278529228 | 学院路分馆/ [索取号:Z227/JY6:10] | 在馆 |